Countries by a Single Word #2 - Statistics

General Stats
  • This quiz has been taken 63 times
  • The average score is 12 of 15
Answer Stats
Word Country % Correct
Olympus Greece
92%
Gandhi India
92%
Pope Vatican City
90%
Taliban Afghanistan
87%
Messi Argentina
87%
Hebrew Israel
87%
Neutral Switzerland
87%
Chopstick China
85%
Vampire Romania
85%
Amazon Brazil
79%
Mountains Nepal
75%
Crimea Ukraine
73%
Long Chile
62%
Fez Morocco
60%
Carthage Tunisia
52%
No matching quizzes found
Score Distribution
Percent of People with Each Score
Percentile by Number Answered
Your Score History
You have not taken this quiz